000 00208 a2200097 4500
001 1757
100 _aParkinson, A.C.
245 _aEngineering workshop drawing
260 _a
_bPitman
_c
090 _c1293
_d1293
942 _aNUST-CAE
_cM
_c3258
999 _c236830
_d236830